History Quiz

Random History or Biography Quiz

That's What 'J' Said Quiz Stats

 Plays Quiz Updated Aug 18, 2016

Challenge
Share
Tweet
Embed
Score 0/20 Timer 08:00
0 Plays Today
% Correct
It is geographical lines, rivers, and mountains which divide State from State, and make different nations of mankind.
91.2%
I thought it was some kind of soft drink.
91%
Human rights.
90.6%
The President didn't even send me a telegram.
90.6%
A sickness suffered by dogs.
90.6%
They sense, once hate is gone, they will be forced to deal with pain.
90.2%
To improve race relations.
90.1%
Impairs the security of all.
89.9%
You know someone's fingers have been all over it.
89.2%
I mistook disenchantment for truth.
88.6%
% Correct
It was a sad day. It was not a celebration environment.
87.6%
And that's the only way of insuring one's immortality.
87.6%
To be well adjusted to a profoundly sick society.
87.1%
Would also lead to misrepresentation and absurd generalizations.
86%
What he laughs at.
85.8%
That we weren't the only beings with personalities.
84.5%
Experience could be your worst enemy.
84.1%
Study computers instead.
81.4%
Until personal experience has brought it home.
79.2%
In the old forms of the Renaissance or any of other past culture.
79.1%

You're not logged in!

Compare scores with friends on all Sporcle quizzes.
OR
Log In

You Might Also Like...

Show Comments

Extras

Top Quizzes Today


Score Distribution

Your Account Isn't Verified!

In order to create a playlist on Sporcle, you need to verify the email address you used during registration. Go to your Sporcle Settings to finish the process.

Report this User

Report this user for behavior that violates our Community Guidelines.

Details: